logo

Bir Sreshtho Munshi Abdur Rouf Library
Jhenaidah Cadet College

Bloomberg by Bloomberg / (Record no. 5631)

MARC details
000 -LEADER
fixed length control field 01295cam a2200361 a 4500
001 - CONTROL NUMBER
JCCL Control Number 5631
003 - CONTROL NUMBER IDENTIFIER
JCCL marc code BD-JhCC
005 - DATE AND TIME OF LATEST TRANSACTION
control field 20180705134013.0
008 - FIXED-LENGTH DATA ELEMENTS--GENERAL INFORMATION
fixed length control field 961210s1997 nyua 001 0aeng
020 ## - INTERNATIONAL STANDARD BOOK NUMBER
International Standard Book Number 0471155454 (cloth : alk. paper)
035 ## - SYSTEM CONTROL NUMBER
system control number (BD-JhCC)5631
040 ## - CATALOGING SOURCE
Original cataloging agency DLC
Transcribing agency DLC
Modifying agency DLC
041 ## - LANGUAGE CODE
Language code of Book eng
050 00 - LIBRARY OF CONGRESS CALL NUMBER
Classification number HG172.B56
Item number A3 1997
082 00 - DEWEY DECIMAL CLASSIFICATION NUMBER
Classification number 384/.06/573092
-- B
DDC Edition number 21
Author mark and Year BLO 2001
100 1# - MAIN ENTRY--PERSONAL NAME
Personal name Bloomberg, Michael.
245 10 - TITLE STATEMENT
Title Bloomberg by Bloomberg /
Statement of responsibility, etc with invaluable help from Matthew Winkler.
246 30 - VARYING FORM OF TITLE
Title proper/short title Bloomberg
260 ## - PUBLICATION, DISTRIBUTION, ETC. (IMPRINT)
Place of publication, distribution, etc New York :
Name of publisher, distributor, etc J. Wiley,
Date of publication, distribution, etc c1997.
300 ## - PHYSICAL DESCRIPTION
Pagination vii, 261 p. :
Other physical details ill. ;
Dimensions 24 cm.
500 ## - GENERAL NOTE
General note Includes index.
600 10 - SUBJECT ADDED ENTRY--PERSONAL NAME
Personal name Bloomberg, Michael.
650 #0 - SUBJECT ADDED ENTRY--TOPICAL TERM
Topical term or geographic name as entry element Capitalists and financiers
Geographic subdivision United States
General subdivision Biography.
650 #0 - SUBJECT ADDED ENTRY--TOPICAL TERM
Topical term or geographic name as entry element Investments
Geographic subdivision United States.
650 #0 - SUBJECT ADDED ENTRY--TOPICAL TERM
Topical term or geographic name as entry element Businessmen
Geographic subdivision United States
General subdivision Biography.
650 #0 - SUBJECT ADDED ENTRY--TOPICAL TERM
Topical term or geographic name as entry element Telecommunication
Geographic subdivision United States.
700 1# - ADDED ENTRY--PERSONAL NAME
Personal name Winkler, Matthew.
856 4# - ELECTRONIC LOCATION AND ACCESS
Materials specified Table of Contents
Uniform Resource Identifier http://www.loc.gov/catdir/toc/onix04/96053327.html
856 42 - ELECTRONIC LOCATION AND ACCESS
Materials specified Contributor biographical information
Uniform Resource Identifier http://www.loc.gov/catdir/enhancements/fy0706/96053327-b.html
856 42 - ELECTRONIC LOCATION AND ACCESS
Materials specified Publisher description
Uniform Resource Identifier http://www.loc.gov/catdir/enhancements/fy0706/96053327-d.html
942 ## - ADDED ENTRY ELEMENTS (KOHA)
Source of classification or shelving scheme Dewey Decimal Classification
Koha item type Books
Koha issues (borrowed), all copies 1
Holdings
Source of classification or shelving scheme Damaged status Not for loan Home library Current library Shelving location Total Checkouts Full call number Barcode Date last seen Date checked out Copy number Koha item type
Dewey Decimal Classification     JCC Rouf Library JCC Rouf Library General Stacks 1 384/.06/573092 BLO 2001 7788 08/09/2018 07/05/2018 C - 1 Books

JCC Library | Contacts | JCC Home

Last Update on 23 September 2017
Copyright @ 2017-2020 JCC Rouf Library
Rouf Library, Jhenidah Cadet College (JCC), Bangladesh